000 00540nam a2200181Ia 4500
008 090123s9999 xx 000 0 und d
082 _b15802
_a891.463/घड्या
100 _aघड्याळे जयश्री
245 _aपंकजा
250 _a1
260 _bगुरु
_ प्रकाशन
_c1983
300 _a136
600 _aघड्याळे जयश्री
630 _aपंकजा
700 _aघड्याळे जयश्री
730 _aपंकजा
942 _cBOOK
999 _c53859
_d53859